Pays avec six lettres (avec une carte) en une minute - Statistiques

Statistiques générales
  • Ce quiz a été pris 166 fois
  • Le résultat moyen est 180 sur 196
Réponses sur la Carte
Les réponses sont colorées sur une échelle allant du rouge au vert en fonction du pourcentage des utilisateurs qui les ont devinées à leur premier essai. Vous pouvez retrouver ces pourcentages ci-dessous.
 
Statistiques - réponses
pays % Correct
x
100%
France
90%
Canada
87%
Brésil
84%
Russie
75%
Panama
67%
Égypte
66%
Italie
65%
Soudan
65%
Angola
64%
Suisse
60%
Guyana
55%
Zambie
51%
Guinée
44%
Malawi
43%
Serbie
31%
Gambie
29%
Kosovo
27%
Rwanda
27%
Israël
18%
Taïwan
18%
Belize
13%
Monaco
13%
Tuvalu
13%
Koweït
12%
Palaos
11%
Chypre
10%
Brunei
9%
Aucun quiz correspondant
Distribution des résultats
% des personnes avec chaque résultat
Percentile par nombre de réponses
Votre historique - résultats
Vous n’avez pas pris ce quiz